[Event "Dreadnoughts v Star Trek team"]
[Site "SchemingMind.com"]
[Date "2006.10.14"]
[Round "-"]
[White "flyingscot"]
[Black "kulrich"]
[Result "1-0"]
[WhiteCountry "SCO"]
[BlackCountry "GER"]
[WhiteElo "1439"]
[WhiteRD "82"]
[BlackElo "1287"]
[BlackRD "102"]
[GameID "71761"]

1. e4 e5 2. Nf3 Nc6 3. d4 d6 4. Nc3 Nf6 5. Bg5 h6 6. Bh4 a6 7. h3 exd4 8. Nxd4 Nxd4 9. Qxd4 Be7 10. Bc4 O-O
11. O-O-O b5 12. Bb3 Qd7 13. f3 c5 14. Qd3 c4 15. Bxc4 bxc4 16. Qxc4 Rb8 17. Bg3 Rb7 18. e5 Qe6 19. Nd5 Nxd5 20. Rxd5 Rd8
21. Qd4 Rb5 22. Rxb5 axb5 23. Kb1 f6 24. exf6 Bxf6 25. Qb4
1-0

[Event "Dreadnoughts v Star Trek team"]
[Site "SchemingMind.com"]
[Date "2006.10.16"]
[Round "-"]
[White "kulrich"]
[Black "flyingscot"]
[Result "0-1"]
[WhiteCountry "GER"]
[BlackCountry "SCO"]
[WhiteElo "1287"]
[WhiteRD "102"]
[BlackElo "1439"]
[BlackRD "82"]
[GameID "71786"]

1. d4 e6 2. Nf3 Nf6 3. Qd3 Nc6 4. Nc3 Bb4 5. a3 Ba5 6. Bd2 a6 7. e4 d6 8. h3 O-O 9. d5 exd5 10. Nxd5 Nxe4
11. Qxe4 Re8 12. Ne5 Rxe5 13. Bd3 Rxe4+ 14. Bxe4 Bxd2+ 15. Kxd2 Na5 16. b3 Qg5+ 17. Ne3 Be6 18. Rae1 d5 19. h4 Qf4 20. Bf3 Qd4+
21. Kc1 Qc3 22. Kb1 d4 23. Nd1 Qd2 24. Re2 Qh6 25. Be4 c6 26. Rhe1 c5
0-1

[Event "Dreadnoughts v Star Trek team"]
[Site "SchemingMind.com"]
[Date "2006.10.17"]
[Round "-"]
[White "buzzardhawk"]
[Black "jorge47"]
[Result "1-0"]
[WhiteCountry "ENG"]
[BlackCountry "ARG"]
[WhiteElo "1251"]
[WhiteRD "81"]
[BlackElo "1349"]
[BlackRD "141"]
[GameID "71762"]

1. e4 c5 2. Nf3 d6 3. Bc4 Nf6 4. e5 dxe5 5. Nxe5 e6 6. Qf3 Nbd7 7. Nxd7 Qxd7 8. O-O Be7 9. Nc3 O-O 10. Bb5 Qc7
11. Ba4 Bd7 12. Nb5 Bc6 13. Nxc7 Bxf3 14. Nxa8 Bxg2 15. Kxg2 Rxa8 16. b3 a6 17. c4 Ne4 18. f3 Bf6 19. Rb1 Bd4 20. fxe4 Rf8
21. Bb2
1-0

[Event "Dreadnoughts v Star Trek team"]
[Site "SchemingMind.com"]
[Date "2006.10.17"]
[Round "-"]
[White "jorge47"]
[Black "buzzardhawk"]
[Result "1-0"]
[WhiteCountry "ARG"]
[BlackCountry "ENG"]
[WhiteElo "1349"]
[WhiteRD "141"]
[BlackElo "1251"]
[BlackRD "81"]
[GameID "71787"]

1. e4 e5 2. Nf3 Nc6 3. Bc4 f6 4. Bxg8 Rxg8 5. Nc3 d6 6. h3 f5 7. d3 Nd4 8. Nd5 Be6 9. Bg5 Qd7 10. O-O h6
11. Nxd4 hxg5 12. Nxe6 Rb8 13. Nxf8 Rxf8 14. Qh5+ Rf7 15. exf5 Kf8 16. Qh8#
1-0

[Event "Dreadnoughts v Star Trek team"]
[Site "SchemingMind.com"]
[Date "2006.10.13"]
[Round "-"]
[White "Easy_E"]
[Black "Lee Shuck"]
[Result "1-0"]
[WhiteCountry "USA"]
[BlackCountry "ENG"]
[WhiteElo "1429"]
[WhiteRD "64"]
[BlackElo "1248"]
[BlackRD "62"]
[GameID "71763"]

1. e4 e5 2. Nf3 Nc6 3. Nc3 Nf6 4. d4 exd4 5. Nxd4 Bb4 6. Bg5 Qe7 7. Nf5 Qc5 8. Nxg7+ Ke7 9. Nf5+ Ke6 10. Bxf6 Kxf6
11. Qf3 Nd4 12. Nxd4+ Ke7 13. O-O-O c6 14. a3 Bxc3 15. Qxc3 b6 16. Nf5+ Ke6 17. Qxh8 d5 18. Ba6 Bb7 19. Nd4+ Kd7 20. Qxh7 Bxa6
21. Qxf7+ Qe7 22. Qf5+ Kc7 23. exd5 c5 24. Ne6+ Kd6 25. Rhe1 Bc8 26. Qe5+ Kd7 27. d6 Bb7 28. dxe7+
1-0

[Event "Dreadnoughts v Star Trek team"]
[Site "SchemingMind.com"]
[Date "2006.10.13"]
[Round "-"]
[White "Lee Shuck"]
[Black "Easy_E"]
[Result "0-1"]
[WhiteCountry "ENG"]
[BlackCountry "USA"]
[WhiteElo "1248"]
[WhiteRD "62"]
[BlackElo "1429"]
[BlackRD "64"]
[GameID "71788"]

1. e4 e6 2. d4 d5 3. Nc3 Bb4 4. e5 c5 5. a3 Bxc3+ 6. bxc3 Qc7 7. Qg4 cxd4 8. Qxg7 Qxc3+ 9. Kd1 Qxa1 10. Ne2 d3
11. cxd3 b6 12. Qxh8 Kf8 13. Nf4 Bd7 14. h4 Ba4+ 15. Kd2 Nd7 16. Ne2 Nxe5 17. f4 Nc4+ 18. Ke1 Qxh8 19. dxc4 dxc4 20. Nc3 Qxc3+
21. Bd2 Qxa3 22. Bxc4 Qg3+ 23. Kf1 Rd8 24. Be1 Rd1
0-1

[Event "Dreadnoughts v Star Trek team"]
[Site "SchemingMind.com"]
[Date "2006.10.13"]
[Round "-"]
[White "Amergin"]
[Black "oundsr"]
[Result "0-1"]
[WhiteCountry "IRL"]
[BlackCountry "USA"]
[WhiteElo "1359"]
[WhiteRD "90"]
[BlackElo "1667"]
[BlackRD "232"]
[GameID "71764"]

1. Nf3 d5 2. d4 c5 3. c3 Nc6 4. e3 Bg4 5. Bb5 Qb6 6. a4 a6 7. Bd3 c4 8. Be2 Na5 9. Na3 e6 10. O-O Nf6
11. b3 cxb3 12. Rb1 Ne4 13. Bb2 Bxa3 14. Bxa3 Qc6 15. Ne5 Bxe2 16. Qxe2 Nxc3 17. Nxc6 Nxe2+ 18. Kh1 Nxc6 19. Rfe1 Nc3 20. Rbc1 Nxa4
21. f3 Rc8 22. e4 dxe4 23. Rxe4 b5 24. d5 Ne7 25. d6 Nc6 26. Rd1 Kd7 27. Rf4 Rhf8 28. g4 h6 29. h4 a5 30. Rb1 b4
31. Rxb3 Nc5 32. Rb1 bxa3 33. Rd1 Nb4 34. Rd3 a2 35. Ra3 Nb3 36. Rxb3 a1=Q+ 37. Kg2 Rc2+ 38. Kg3 Qg1+ 39. Kh3 Rh2#
0-1

[Event "Dreadnoughts v Star Trek team"]
[Site "SchemingMind.com"]
[Date "2006.10.16"]
[Round "-"]
[White "oundsr"]
[Black "Amergin"]
[Result "1-0"]
[WhiteCountry "USA"]
[BlackCountry "IRL"]
[WhiteElo "1614"]
[WhiteRD "264"]
[BlackElo "1340"]
[BlackRD "93"]
[GameID "71789"]

1. e4 b6 2. d4 Bb7 3. Bd3 e6 4. c4 Bb4+ 5. Bd2 Bxd2+ 6. Qxd2 Nf6 7. Nc3 O-O 8. Nf3 c5 9. d5 Na6 10. a3 exd5
11. exd5 Re8+ 12. Be2 d6 13. Nb5 Nc7 14. Nxc7 Qxc7 15. O-O b5 16. b3 Re4 17. Bd3 Re7 18. Ng5 Bxd5 19. cxd5 c4 20. bxc4 bxc4
21. Bc2 c3 22. Qd3 Rb8 23. Nxh7 Re4 24. Nxf6+ gxf6 25. Qxe4 Rb2 26. Qh7+ Kf8 27. Qh8+ Ke7 28. Rfe1+ Kd7 29. Qe8#
1-0

[Event "Dreadnoughts v Star Trek team"]
[Site "SchemingMind.com"]
[Date "2006.10.14"]
[Round "-"]
[White "ROOKie"]
[Black "scottie"]
[Result "0-1"]
[WhiteCountry "USA"]
[BlackCountry "ENG"]
[WhiteElo "1092"]
[WhiteRD "226"]
[BlackElo "1406"]
[BlackRD "89"]
[GameID "71790"]

1. e4 e5 2. g3 Nf6 3. Nc3 Bd6 4. g4 a6 5. Nh3 Nc6 6. Qf3 Nd4 7. Qd1 Nxg4 8. Qxg4 g6 9. Rb1 Nxc2+ 10. Kd1 Nd4
0-1

[Event "Dreadnoughts v Star Trek team"]
[Site "SchemingMind.com"]
[Date "2006.10.12"]
[Round "-"]
[White "mart_r3000"]
[Black "onyk"]
[Result "0-1"]
[WhiteCountry "ENG"]
[BlackCountry "CUB"]
[WhiteElo "1270"]
[WhiteRD "54"]
[BlackElo "1850"]
[BlackRD "187"]
[GameID "71766"]

1. e4 e5 2. Nf3 Nc6 3. d4 exd4 4. Nxd4 Nxd4 5. Qxd4 c5 6. Qe5+ Qe7 7. Bf4 Nf6 8. Bd3 d6 9. Qg5 h6 10. Qg3 Nh5
11. Qe3 Qf6 12. c3 Qxf4 13. Qxf4 Nxf4 14. Bb5+ Bd7 15. a4 Rd8 16. O-O Be7 17. Re1 O-O 18. g3 Nh3+ 19. Kg2 Rfe8 20. c4 Ng5
21. Nc3 a6 22. Bxd7 Rxd7 23. Nd5 Bd8 24. e5 dxe5 25. h4 Nh7 26. f4 e4 27. a5 Nf6 28. Nb6 Rd2+ 29. Kh3 Rxb2 30. Nc8 Bc7
31. Red1 Rxc8 32. f5 e3 33. Rd3 e2 34. Re1 Bxa5 35. Re3 Bxe1 36. g4 Re8
0-1

[Event "Dreadnoughts v Star Trek team"]
[Site "SchemingMind.com"]
[Date "2006.10.13"]
[Round "-"]
[White "onyk"]
[Black "mart_r3000"]
[Result "1-0"]
[WhiteCountry "CUB"]
[BlackCountry "ENG"]
[WhiteElo "1850"]
[WhiteRD "187"]
[BlackElo "1270"]
[BlackRD "54"]
[GameID "71791"]

1. d4 d5 2. c4 e6 3. Nc3 c6 4. Nf3 dxc4 5. a4 Bb4 6. Bd2 f5 7. e3 Nf6 8. Bxc4 O-O 9. Ng5 h6 10. Bxe6+ Bxe6
11. Nxe6 Qe8 12. Nxf8 Kxf8 13. Ne2 Na6 14. Bxb4+ Nxb4 15. O-O Qe4 16. Qb3 Nfd5 17. Nc3 Qe6 18. Nxd5 Nxd5 19. Qxb7 Re8 20. Qxa7 f4
21. exf4 Nxf4 22. Rfe1 Qg6 23. Rxe8+ Kxe8 24. Re1+ Kf8 25. Qe7+ Kg8 26. Qe8+ Kh7 27. Qxg6+ Kxg6 28. g3 Nd3 29. Re2 Nc1 30. Rc2 Nb3
31. Rxc6+ Kh5 32. d5 Nd4 33. a5 g5 34. a6 Nf3+ 35. Kg2 g4 36. a7 Kg5 37. a8=Q Kf5 38. Rxh6 Ke4 39. d6+ Kf5 40. Qd5+ Ne5
41. Rh5+
1-0

[Event "Dreadnoughts v Star Trek team"]
[Site "SchemingMind.com"]
[Date "2006.10.16"]
[Round "-"]
[White "The Maidstonian Pope"]
[Black "TheLab"]
[Result "0-1"]
[WhiteCountry "INT"]
[BlackCountry "USA"]
[WhiteElo "1368"]
[WhiteRD "125"]
[BlackElo "1917"]
[BlackRD "125"]
[GameID "71767"]

1. d4 Nf6 2. Nf3 c5 3. dxc5 e6 4. b4 a5 5. a3 axb4 6. Bb2 Bxc5 7. Nbd2 bxa3 8. Bc1 d5 9. Nb3 Bd6 10. Bg5 h6
11. Bxf6 Qxf6 12. e3 O-O 13. Bd3 Nc6 14. O-O e5 15. Bb5 e4 16. Nfd4 Nxd4 17. Qxd4 Be5 18. Qxd5 Be6 19. Qxe4 Bxb3 20. cxb3 Bxa1
21. Qxb7 Bb2 22. Bd3 a2
0-1

[Event "Dreadnoughts v Star Trek team"]
[Site "SchemingMind.com"]
[Date "2006.10.14"]
[Round "-"]
[White "TheLab"]
[Black "The Maidstonian Pope"]
[Result "1-0"]
[WhiteCountry "USA"]
[BlackCountry "INT"]
[WhiteElo "1917"]
[WhiteRD "125"]
[BlackElo "1368"]
[BlackRD "125"]
[GameID "71792"]

1. d4 d5 2. c4 c6 3. Nf3 Nf6 4. Nc3 e6 5. e3 Bb4 6. Bd3 Bxc3+ 7. bxc3 O-O 8. O-O Na6 9. Ne5 Ne4 10. Qc2 f6
11. Nf3 dxc4 12. Bxe4 f5 13. Ne5 fxe4 14. Nxc4 b5 15. Nd2 Qc7 16. Qxe4 Bd7 17. Nf3 c5 18. Ne5 cxd4 19. cxd4 Rad8 20. Bd2 Qc2
21. Qxc2 h6 22. Nxd7 Rxd7 23. Qc6 Nb8 24. Qxe6+
1-0

[Event "Dreadnoughts v Star Trek team"]
[Site "SchemingMind.com"]
[Date "2006.10.13"]
[Round "-"]
[White "the_absolute"]
[Black "marno"]
[Result "0-1"]
[WhiteCountry "NZL"]
[BlackCountry "USA"]
[WhiteElo "1342"]
[WhiteRD "146"]
[BlackElo "1324"]
[BlackRD "206"]
[GameID "71770"]

1. Nc3 d5 2. d4 Bf5 3. Nf3 e6 4. Bg5 Nf6 5. e3 Nbd7 6. Bb5 c6 7. Ba4 Be7 8. Qe2 h6 9. Bxf6 Nxf6 10. O-O-O Nd7
11. e4 dxe4 12. Nxe4 Bxe4 13. Qxe4 Rc8 14. Qf4 Nb6 15. Bb3 Nd5 16. Bxd5 cxd5 17. Ne5 Bf6 18. Rhe1 Bg5 19. Qe3 Bxe3+ 20. fxe3 f6
0-1

[Event "Dreadnoughts v Star Trek team"]
[Site "SchemingMind.com"]
[Date "2006.10.13"]
[Round "-"]
[White "marno"]
[Black "the_absolute"]
[Result "0-1"]
[WhiteCountry "USA"]
[BlackCountry "NZL"]
[WhiteElo "1208"]
[WhiteRD "170"]
[BlackElo "1243"]
[BlackRD "114"]
[GameID "71795"]

1. e4 Nf6 2. e5 Nd5 3. d4 Nc6 4. Nf3 f5 5. Bc4 Nf4 6. Bxf4 e6 7. Bg5 Be7 8. Bxe7 Qxe7 9. O-O Qb4 10. Bb3 b6
11. c3 Qf8 12. Ng5 Ne7 13. f4 h6 14. Nh3 Qf7 15. Qf3 Nc6 16. Bxe6 Qxe6 17. d5 Qg6 18. dxc6 dxc6 19. Nd2 Bb7
0-1